| 000 | 00357nam a22001337a 4500 | ||
|---|---|---|---|
| 005 | 20250925083117.0 | ||
| 008 | 250925b |||||||| |||| 00| 0 eng d | ||
| 050 |
_aS599 _b.9.T9 OLA |
||
| 100 | _aOLAITAN S.O. | ||
| 245 | _aINTRODUCTION TO TROPICAL SOIL SCIENCE | ||
| 260 |
_aLONDON _bMACMILLAN EDUCATION, LTD _c1984 |
||
| 300 | _aix, 126p | ||
| 942 |
_2lcc _cBK _n0 |
||
| 999 |
_c7698 _d7698 |
||